Online
Catalog

Informática y educación : (Record no. 25944)

MARC details
000 -CABECERA
campo de control de longitud fija 01188nam a2200277 a 4500
001 - NÚMERO DE CONTROL
campo de control 000026452
005 - FECHA Y HORA DE LA ÚLTIMA TRANSACCIÓN
campo de control 20200930030230.0
008 - DATOS DE LONGITUD FIJA--INFORMACIÓN GENERAL
campo de control de longitud fija 110318s1986 ag a r 000 0 spa d
020 ## - NÚMERO INTERNACIONAL ESTÁNDAR DEL LIBRO
Número Internacional Estándar del Libro 9501361276
040 ## - FUENTE DE LA CATALOGACIÓN
Centro catalogador/agencia de origen DO-SdBNP
Lengua de catalogación spa
Centro/agencia transcriptor BNPHU
041 17 - CÓDIGO DE LENGUA
Código de lengua del texto/banda sonora o título independiente spa
Código de lengua original eng
Fuente del código Código de idioma MARC
082 ## - NÚMERO DE LA CLASIFICACIÓN DECIMAL DEWEY
Número de clasificación xxx
Número de documento/Ítem H394i
049 ## - FONDOS LOCALES (OCLC)
Fondos de biblioteca BNGR
100 1# - ENTRADA PRINCIPAL--NOMBRE DE PERSONA
Nombre de persona Hawkridge, David
9 (RLIN) 53509
240 10 - TÍTULO UNIFORME
Título uniforme New information technology in education.
Lenguaje de la obra Español.
245 10 - MENCIÓN DE TÍTULO
Título Informática y educación :
Resto del título las nuevas tecnologías de la información en la práctica educativa /
Mención de responsabilidad, etc. David Hawkridge ; traducción de Leandro Wolfson y Mauricio Prelooker.
260 ## - PUBLICACIÓN, DISTRIBUCIÓN, ETC.
Lugar de publicación, distribución, etc. Buenos Aires, (Argentinas) :
Nombre del editor, distribuidor, etc. Kapelusz,
Fecha de publicación, distribución, etc. [1986].
300 ## - DESCRIPCIÓN FÍSICA
Extensión 215, [1] p. :
Otras características físicas il. ;
Dimensiones 23 cm.
490 1# - MENCIÓN DE SERIE
Mención de serie Biblioteca de cultura pedagógica
-- los nuevos problemas educativos
500 ## - NOTA GENERAL
Nota general Incluye notas al pie de las páginas
504 ## - NOTA DE BIBLIOGRAFÍA, ETC.
Nota de bibliografía, etc. Incluye bibliografía (p. 205-215)
534 ## - NOTA SOBRE LA VERSIÓN ORIGINAL
Encabezamiento principal del original Título del original en inglés:
Mención de título del original New information technology in education.
700 1# - PUNTO DE ACCESO ADICIONAL--NOMBRE DE PERSONA
Nombre de persona Wolfson, Leandro,
Término indicativo de función/relación tr.
9 (RLIN) 8683
700 1# - PUNTO DE ACCESO ADICIONAL--NOMBRE DE PERSONA
Nombre de persona Prelooker, Mauricio,
Término indicativo de función/relación tr.
9 (RLIN) 53510
830 #0 - PUNTO DE ACCESO ADICIONAL DE SERIE-TÍTULO UNIFORME
Título uniforme Biblioteca de cultura pedagógica
Nombre de parte o sección de la obra los nuevos problemas educativos
9 (RLIN) 53511

No items available.

Powered by Koha